000 00835nam a2200253Ia 4500
003 OSt
005 20221005112003.0
006 a|||||r|||| 00| 0
007 ta
008 221004b |||||||| |||| 00| 0 hin d
020 _a8186715363
024 _a23708
037 _cTextual
040 _aCRL
_cCRL
_bhin
041 _2hin
_ahin
082 _aR693xD5, 152N8
100 _aअज्ञातपूर्वधर
245 0 _aजीवनसमास, संपा0 सागरमल जैन
246 _aJīvanasamāsa, sanpā0 sāgaramal jaina
260 _aवाराणसी
_bपार्श्वनाथ विद्यापीठ
_c1998
300 _a232पृ0
_ccm.
942 _hR693xD5, 152N8
_cTEXL
_2cc
999 _c1023496
_d1023496